Las prácticas actuales en la educación inicial / (Record no. 177433)

MARC details
000 -CABECERA
campo de control de longitud fija 00851nam a2200229 u 4500
005 - FECHA Y HORA DE LA ÚLTIMA TRANSACCIÓN
campo de control 20220907142139.0
008 - ELEMENTOS DE LONGITUD FIJA--INFORMACIÓN GENERAL
campo de control de longitud fija 150820s2013 ag r 000 0 spa d
020 ## - NÚMERO INTERNACIONAL NORMALIZADO PARA LIBROS
Número Internacional Estándar del Libro 9789508087263
035 ## - NÚMERO DE CONTROL DEL SISTEMA
Número de control de sistema UPN01000205332
049 ## - COLECCIÓN
Colección CG
050 #4 - SIGNATURA TOPOGRÁFICA DE LA BIBLIOTECA DEL CONGRESO
Número de clasificación LB1140.2
Número de documento/Ítem P5.6
100 1# - ASIENTO PRINCIPAL--NOMBRE PERSONAL
Nombre de persona Pitluk, Laura
9 (RLIN) 37744
245 14 - MENCIÓN DE TÍTULO
Título Las prácticas actuales en la educación inicial /
Mención de responsabilidad, etc. Laura Pitluk.
260 ## - PUBLICACIÓN, DISTRIBUCIÓN, ETC.
Lugar de publicación, distribución, etc. Buenos Aires :
Nombre del editor, distribuidor, etc. Homo Sapiens,
Fecha de publicación, distribución, etc. 2013.
300 ## - DESCRIPCIÓN FÍSICA
Extensión 286 p. :
Otras características físicas il.
440 #0 - MENCIÓN DE SERIE/ASIENTO SECUNDARIO--TÍTULO
Título Educación inicial
500 ## - NOTA GENERAL
Nota general En la portada dice: "Sentidos y sinsentidos. Posibles líneas de acción. La autoridad, las sanciones y los límites. El trabajo sobre lo grupal. La especificidad del trabajo en las salas"
650 #4 - ASIENTO SECUNDARIO DE MATERIA - TERMINO TEMATICO
Término de materia o nombre geográfico como elemento de entrada EDUCACION PREESCOLAR -
Subdivisión general INNOVACIONES
9 (RLIN) 15664
650 #7 - ASIENTO SECUNDARIO DE MATERIA - TERMINO TEMATICO
Término de materia o nombre geográfico como elemento de entrada Maestros de jardín de niños
Fuente del encabezamiento o término
9 (RLIN) 9852
905 ## - TIPO DE MATERIAL
Tipo de material Libro
Holdings
Estado de retiro Estado de pérdida Fuente del sistema de clasificación o colocación Estado dañado No para préstamo Código de colección Localización permanente Ubicación/localización actual Ubicación en estantería Total de préstamos Clasificación Código de barras Fecha visto por última vez Número de copia Tipo de ítem Koha
    Library of Congress Classification     Colección General Bib. Gregorio Torres Quintero Bib. Gregorio Torres Quintero Planta baja 5 LB1140.2 P5.6 304833 31/12/2020 1 Libro
    Library of Congress Classification     Colección General Bib. Gregorio Torres Quintero Bib. Gregorio Torres Quintero Planta baja 5 LB1140.2 P5.6 304832 31/12/2020 1 Libro
    Library of Congress Classification     Colección General Bib. Gregorio Torres Quintero Bib. Gregorio Torres Quintero Planta baja 3 LB1140.2 P5.6 304834 31/12/2020 1 Libro